000 01075nam a2200325Ia 4500
003 OSt
005 20221007124702.0
006 a|||||r|||| 00| 0
007 ta
008 221006b |||||||| |||| 00| 0 eng d
020 _a9780470512340 (pbk)
024 _a192924
037 _b4005, 23/03/2015, Educational Book Agency (India)
_cTextual
040 _aCDL
_cCDL
_beng
041 _2eng
_aeng
082 _aE5:218, P0;P9;9 Carc
100 _aSteed Jonathan M
_9720104
245 0 _aSupramolecular chemistry
_b Atwood Jerry L
250 _a2
260 _aWest
_bSussex Wiley
_c2009
300 _axxvi, 970p. ill.
_ccm.
500 _aReferences 937-940p.; Index 941-970p.
650 _a Crystal engineering
650 _a Ion pair receptors
_9720105
650 _a Network solids
_9720106
650 _aCation binding hosts
_9720107
700 _a Atwood Jerry L
942 _hE5:218, P0;P9;9 Carc
_cTEXL
_2CC
999 _c1213927
_d1213927